Ricerche sulla teoria dell'interpretazione del diritto nel secolo XVI.
Guardat en:
| Autor principal: | |
|---|---|
| Format: | Llibre |
| Idioma: | anglès |
| Publicat: |
Milano, Italia:
Dott. A. Giuffrè,
1986.
|
| Matèries: | |
| Etiquetes: |
Afegir etiqueta
Sense etiquetes, Sigues el primer a etiquetar aquest registre!
|
MARC
| LEADER | 00000nam a22000007a 4500 | ||
|---|---|---|---|
| 003 | CL-VaPUC | ||
| 005 | 20220822114840.0 | ||
| 008 | 220809t1986 ||||| |||| 00| 0 eng d | ||
| 999 | |c 438138 |d 438136 | ||
| 020 | |a 88-14-03625-X | ||
| 040 | |c Pontificia Universidad Católica de Valparaíso | ||
| 082 | |2 22 |a 349.45 PIA 1986 | ||
| 100 | |9 326329 |a Piano Mortari, Vincenzo |e author | ||
| 245 | |a Ricerche sulla teoria dell'interpretazione del diritto nel secolo XVI. | ||
| 250 | |b Ristampa inalterata. | ||
| 260 | |a Milano, Italia: |b Dott. A. Giuffrè, |c 1986. | ||
| 300 | |a Volumen I. | ||
| 500 | |a c.1 Volumen I: Donación Familia Prof. Alejandro Guzmán Brito. | ||
| 505 | |a v.I: Le premesse. | ||
| 583 | |c 20220809 |k Yessy Sthefany Diaz Vidal | ||
| 650 | |a Derecho |x Interpretación |z Italia |9 873914 | ||
| 650 | 0 | |9 255930 |a Derecho romano |x Interpretación |y Siglo XVI | |
| 942 | |2 ddc |c BK |n 0 | ||
| 952 | |0 0 |1 0 |2 ddc |4 0 |6 349_450000000000000_PIA_1986 |7 1 |8 C_AGB |9 586020 |a BIBDER |b BIBDER |d 2022-08-09 |e Donación |h v.I |i 5653922 |o 349.45 PIA 1986 |p 5653922 |r 2023-01-25 |t 1 |w 2022-08-09 |y BK_US |k AGB | ||